[Event "Challenge"]
[Site "http://www.queenalice.com/game.php?id=1132167"]
[Date "2012.12.18"]
[Round "-"]
[White "burzum"]
[Black "Galdino_78"]
[Result "1-0"]
[WhiteElo "1434"]
[BlackElo "1393"]

1. e4 e5 2. Nf3 d6 3. Bb5+ c6 4. Be2 Nf6 5. d3 c5 6. Nc3 Qa5 7. Bd2 Qb4 8. Nd5
Nxd5 9. Bxb4 Nxb4 10. c3 N4a6 11. O-O Nc6 12. Qb3 Be6 13. Qxb7 Rb8 14. Qxc6+ Kd8
15. Qxa6 Ra8 16. Ng5 Bc8 17. Qc6 Rb8 18. Nxf7+ Ke7 19. Qc7+ Ke6 20. Bg4+ Kf6 21.
Nxh8 Bxg4 22. Qf7+ Kg5 23. f3 Bh5 24. f4+ Kh6 25. Qe6+ g6 26. Nf7+ Kg7 27. fxe5
dxe5 28. Qxe5+ Kg8 29. Qh8# 1-0

[Event "1ª do Ano Bancas"]
[Site "http://www.queenalice.com/game.php?id=1138391"]
[Date "2013.1.8"]
[Round "-"]
[White "heberesteves"]
[Black "burzum"]
[Result "1-0"]
[WhiteElo "1563"]
[BlackElo "1467"]

1. e4 e5 2. d4 Nc6 3. d5 Nd4 4. c3 Nb5 5. Bxb5 Nf6 6. Bd3 d6 7. Nf3 Be7 8. Na3
O-O 9. b4 a6 10. c4 c5 11. dxc6 bxc6 12. Bg5 Qb6 13. Nc2 Ng4 14. Be3 c5 15. O-O
a5 16. b5 a4 17. h3 Nxe3 18. Nxe3 Be6 19. Nf5 Bxf5 20. exf5 a3 21. Qb3 Bf6 22.
Rae1 Qb7 23. Be4 Qc8 24. Bxa8 Qxa8 25. Rb1 Qe4 26. b6 Qxf5 27. Qxa3 e4 28. Nd2
Bd4 29. Nxe4 Qxe4 30. Rfe1 Qf4 31. Qf3 Qd2 32. b7 Rb8 33. Re2 Qg5 34. a4 Qd8 35.
Ra2 g6 36. a5 1-0

[Event "1ª do Ano Pretas"]
[Site "http://www.queenalice.com/game.php?id=1138392"]
[Date "2013.1.8"]
[Round "-"]
[White "burzum"]
[Black "heberesteves"]
[Result "0-1"]
[WhiteElo "1479"]
[BlackElo "1573"]

1. Nf3 b6 2. c4 d6 3. Nc3 e5 4. e3 Nf6 5. Qa4+ Bd7 6. Qb3 c5 7. Be2 a5 8. Nb5 e4
9. O-O Nc6 10. Ne1 a4 11. Qc2 Nb4 12. Qc3 Be7 13. a3 Nc6 14. d3 Na5 15. Ra2 d5
16. cxd5 Bxb5 17. b4 cxb4 18. axb4 Rc8 19. Qb2 Nb3 20. Bd2 Qxd5 21. Bc3 exd3 22.
Bf3 Qg5 23. Bb7 Rd8 24. Nxd3 Rxd3 25. f4 Qg6 26. f5 Qg5 27. Be5 O-O 28. Qc2
Qxe3+ 29. Kh1 Rd2 30. Qc7 Bxf1 31. Qxe7 Bc4 32. Bd6 Rd1# 0-1

[Event "Challenge"]
[Site "http://www.queenalice.com/game.php?id=1138970"]
[Date "2013.1.9"]
[Round "-"]
[White "reivipviana"]
[Black "burzum"]
[Result "0-1"]
[WhiteElo "1437"]
[BlackElo "1417"]

1. e4 e5 2. Nf3 Nc6 3. c3 d6 4. Bd3 Nf6 5. O-O d5 6. exd5 Qxd5 7. Qe2 e4 8. c4
Qe5 9. Nxe5 Nxe5 10. f4 Nxd3 11. Nc3 Bg4 12. Qxd3 exd3 13. Re1+ Be7 14. Nb5
O-O-O 15. Nxa7+ Kd7 16. h3 Bc5+ 17. Kh2 Rhe8 18. Rf1 Be2 19. Re1 Bxa7 20. b4 Bd4
21. Rb1 h5 22. Bb2 Ba7 23. c5 Ne4 24. Bd4 Nxd2 25. c6+ bxc6 26. Rb2 Nc4 27. Rb3
Bxd4 28. Rc1 d2 29. Rbb1 Na3 30. Rxc6 Nxb1 31. Rc2 d1=Q 32. Rxe2 Rxe2 33. b5 h4
34. b6 Qg1# 0-1

[Event "Challenge"]
[Site "http://www.queenalice.com/game.php?id=1146282"]
[Date "2013.1.28"]
[Round "-"]
[White "reivipviana"]
[Black "burzum"]
[Result "0-1"]
[WhiteElo "1445"]
[BlackElo "1448"]

1. e4 e5 2. Nf3 Qf6 3. Bc4 Nc6 4. c3 Qg6 5. d3 Qxg2 6. Rf1 d6 7. b4 Bg4 8. Nbd2
Nf6 9. Qa4 Bxf3 10. Nxf3 Qxf3 11. b5 d5 12. exd5 Ng4 13. dxc6 Bc5 14. Kd2 Nxh2
15. Re1 Qxf2+ 16. Kd1 Nf3 17. cxb7 Qxe1+ 18. Kc2 Qe2+ 19. Kb3 Qd1+ 20. Kb2 Qxa4
21. bxa8=Q+ Ke7 22. Qxh8 Nd4 23. Be3 Qc2# 0-1

[Event "Challenge"]
[Site "http://www.queenalice.com/game.php?id=1146284"]
[Date "2013.1.28"]
[Round "-"]
[White "burzum"]
[Black "reivipviana"]
[Result "1-0"]
[WhiteElo "1464"]
[BlackElo "1429"]

1. d4 d5 2. Nf3 f6 3. c3 Bf5 4. Qb3 b6 5. Nh4 Be6 6. e3 Nc6 7. Qb5 Bd7 8. Qxd5
e6 9. Qh5+ g6 10. Nxg6 hxg6 11. Qxh8 Nge7 12. e4 f5 13. Bh6 Kf7 14. Bg5 fxe4 15.
Bf6 Nxd4 16. cxd4 Ba4 17. Nc3 Bc6 18. Bb5 Bxb5 19. Nxb5 a6 20. Nc3 c5 21. Nxe4
Ke8 22. dxc5 Qd3 23. Nd6+ Kd8 24. Qxf8+ Kd7 25. Qxe7+ Kc6 26. Qb7+ Kxc5 27. Rc1+
Kb4 28. a3+ Kb3 29. Rc3+ Qxc3+ 30. Bxc3 Rd8 31. Qxb6+ Ka2 32. O-O Rf8 33. b3
Kxa3 34. Ra1# 1-0

[Event "Challenge"]
[Site "http://www.queenalice.com/game.php?id=1151569"]
[Date "2013.2.13"]
[Round "-"]
[White "lala"]
[Black "burzum"]
[Result "0-1"]
[WhiteElo "1472"]
[BlackElo "1481"]

1. d4 d5 2. e3 Nf6 3. Ne2 Nc6 4. g3 Bf5 5. Bg2 Nb4 6. O-O Nxc2 7. Nbc3 Nxa1 8.
Qa4+ Nd7 9. Nxd5 Bd3 10. Re1 Bc2 11. b3 e6 12. Nb4 Bf5 13. Bxb7 Rb8 14. Nc6 Nb6
15. Qb5 Qd7 16. Qa6 Qd5 17. Nxb8 Qd6 18. Bc6+ Ke7 19. Qxa7 Nc2 20. Ba3 Nxa3 21.
Nc3 Qb4 22. Qxc7+ Kf6 23. Bg2 Bd6 24. Qc6 Bxb8 25. Rd1 Rc8 26. Qb7 Bd6 27. Ne2
Rc2 28. Nf4 g5 29. Nd3 Bxd3 30. Rxd3 Rc1+ 31. Bf1 Qe1 32. Qf3+ Bf4 33. gxf4
Qxf1# 0-1

[Event "Challenge"]
[Site "http://www.queenalice.com/game.php?id=1151570"]
[Date "2013.2.13"]
[Round "-"]
[White "burzum"]
[Black "lala"]
[Result "0-1"]
[WhiteElo "1465"]
[BlackElo "1511"]

1. e4 e5 2. Nf3 d6 3. Nc3 Ne7 4. Bb5+ c6 5. Bc4 b5 6. Nxb5 cxb5 7. Bxb5+ Bd7 8.
Bd3 g6 9. Ng5 Bg7 10. Qf3 Be6 11. Bb5+ Nd7 12. O-O O-O 13. d3 Nc5 14. b4 Nb7 15.
c3 h6 16. Nxe6 fxe6 17. Qg4 Qc8 18. Be3 h5 19. Qh4 Qxc3 20. Qxe7 Qxb4 21. Qxb7
Rab8 22. a3 Qb3 23. Qxa7 Qxb5 24. Qe7 Qxd3 25. Qxe6+ Kh7 26. Rad1 Qxa3 27. Rxd6
Rf6 28. Qd7 Rxd6 29. Qc7 Rf8 30. Bg5 Rd4 31. Qe7 Qxe7 32. Bxe7 Rf7 33. Bg5 Rxe4
34. f3 Rc4 35. Rd1 Rf5 36. h4 e4 37. Rd7 exf3 38. gxf3 Rxf3 39. Kg2 Rcc3 40. Bd2
Rg3+ 41. Kh2 Rh3+ 42. Kg2 Rcg3+ 43. Kf2 Rf3+ 44. Kg2 Kg8 45. Bb4 Rhg3+ 46. Kh2
Be5 47. Rd8+ Kf7 0-1

[Event "Challenge"]
[Site "http://www.queenalice.com/game.php?id=1155792"]
[Date "2013.2.26"]
[Round "-"]
[White "reivipviana"]
[Black "burzum"]
[Result "1-0"]
[WhiteElo "1398"]
[BlackElo "1451"]

1. e4 e5 2. Nf3 d6 3. Bd3 Nc6 4. c3 Qf6 5. O-O Nh6 6. Qb3 Be6 7. Qxb7 Qf4 8.
Qxa8+ Kd7 9. Bb5 Ke7 10. Bxc6 Ng4 11. Qe8+ Kf6 12. d4 Ne3 13. dxe5+ dxe5 14.
Bxe3 Qg4 15. Bg5+ Kg6 16. Nxe5+ Kxg5 17. Nxg4 Bxg4 18. Qe5+ Kg6 19. Qf4 h5 20.
e5 Bc5 21. Be4+ 1-0

[Event "Challenge"]
[Site "http://www.queenalice.com/game.php?id=1157651"]
[Date "2013.3.4"]
[Round "-"]
[White "FC"]
[Black "burzum"]
[Result "1-0"]
[WhiteElo "1655"]
[BlackElo "1497"]

1. e4 e5 2. Nf3 Qf6 3. Bc4 Nc6 4. d3 Bb4+ 5. Nc3 d6 6. Ng5 Nh6 7. a3 Bc5 8. O-O
Ng4 9. Bxf7+ Ke7 10. Nd5+ Kf8 11. Nxf6 gxf6 12. Ne6+ Kxf7 13. Nxc5 dxc5 14. h3
f5 15. hxg4 fxg4 16. b4 cxb4 17. f3 gxf3 18. Qxf3+ Ke6 19. Qf6+ Kd7 20. Qxh8 Nd4
21. Qxh7+ Kc6 22. Rf2 Nxc2 23. Rxc2+ Kd6 24. axb4 b5 25. Qxc7+ Ke6 26. Rc6# 1-0

[Event "Challenge"]
[Site "http://www.queenalice.com/game.php?id=1162461"]
[Date "2013.3.19"]
[Round "-"]
[White "Galdino_78"]
[Black "burzum"]
[Result "1-0"]
[WhiteElo "1342"]
[BlackElo "1487"]

1. e4 e5 2. Nf3 Bd6 3. Nc3 c6 4. d4 exd4 5. Qxd4 Qe7 6. Qxg7 Bc5 7. Qxh8 Qf8 8.
Qxh7 Nf6 9. Qf5 Qd6 10. Bf4 Qe7 11. Bg5 Qf8 12. Bxf6 Qh6 13. Qe5+ Kf8 14. Qxc5+
Ke8 15. Qe7# 1-0

[Event "AUTO-INT-3069"]
[Site "http://www.queenalice.com/game.php?id=1391263"]
[Date "2015.10.28"]
[Round "1"]
[White "Alexx"]
[Black "burzum"]
[Result "1-0"]
[WhiteElo "1565"]
[BlackElo "1513"]

1. e4 e5 2. Nf3 Qf6 3. Nc3 Bc5 4. Be2 Qg6 5. g3 Nf6 6. Nxe5 Qg5 7. Nf3 Qh5 8.
Nb5 O-O 9. Nfd4 Qh3 10. Nxc7 Qg2 11. Rf1 Nxe4 12. Bf3 Qxf2+ 13. Rxf2 1-0